00960 2200433 4500001002100000005001500021035001900036245006800055100002100123250000500144300005500149856001900204700001700223260003900240082001000279084001600289020002000305600002100325990000900346990000900355990000900364990000900373990000900382990000900391990000900400990000900409990000900418990000900427990000900436990000900445990000900454990000900463990000900472990000900481990000900490990000900499990000900508990000900517INLIS00000000000255620240116022808$a 0010-0124000043$a AL-QUR'AN DAN HADIS : $b UNTUK KELAS XI MA /$c LILIS FAUZIYAH RA$a LILIS FAUZIYAH RA$a 2$a 217 : $b NON FIKSI ; $c 17x25cm$e 978-602-412-124-2$a Ruang Baca Umum$a ANDI SETYAWAN$a SOLO :$b PT. TIGA SERANGKAI,$c 2020$a 297.23$a 297.23 LIL a$a 978-63-296-003-5$a LILIS FAUZIYAH RA$a 00041$a 00042$a 00043$a 00044$a 00045$a 00046$a 00047$a 00048$a 00049$a 00050$a 00051$a 00052$a 00053$a 00054$a 00055$a 00056$a 00057$a 00058$a 00059$a 00060